| 000 | 01409cam a2200289 4500 | ||
|---|---|---|---|
| 001 | gs 67000218 | ||
| 003 | DLC | ||
| 005 | 20260227111421.0 | ||
| 008 | 690430s1966 nmuab b 00010 eng c | ||
| 010 | _ags 67000218 //r933 | ||
| 040 |
_aU.S. Geol. Survey. Library _cDLC _dDLC |
||
| 043 | _an-us-nm | ||
| 100 | 1 | 0 |
_aBerkstresser, Charles F., _d1923- |
| 245 | 1 | 0 |
_aGround-water resources and geology of Quay County, New Mexico, _cby Charles F. Berkstresser, Jr. [and] Walter A. Mourant. |
| 260 | 0 |
_aSocorro, _bState Bureau of Mines and Mineral Resources, New Mexico Institute of Mining & Technology, _c1966. |
|
| 300 |
_a115 p. _b(chiefly tables) illus., maps (2 col.) _c23 cm. |
||
| 490 | 1 | _aNew Mexico. State Bureau of Mines and Mineral Resources. Ground-water report 9 | |
| 500 | _aU.S. Geological Survey in co-operation with the New Mexico Institute of Mining and Technology, State Bureau of Mines and Mineral Resources, and the New Mexico State Engineer. | ||
| 500 | _aPart of illustrative matter folded in pocket. | ||
| 504 | _aBibliography: p. 23. | ||
| 650 | 0 |
_aGroundwater _zNew Mexico _zQuay County. |
|
| 650 | 0 |
_aWater-supply _zNew Mexico _zQuay County. |
|
| 650 | 0 |
_aGeology _zNew Mexico _zQuay County. |
|
| 700 | 1 | 0 |
_aMourant, Walter Arthur, _d1913- _ejoint author. |
| 710 | 2 | 0 | _aGeological Survey (U.S.) |
| 810 | 1 |
_aNew Mexico. _bBureau of Mines and Mineral Resources. _tGround-water report _v9 |
|
| 999 |
_c30337 _d30337 |
||